000
00390nam a22001697a 4500
003
MPLRDC
005
20220104144507.0
008
210129b ||||| |||| 00| 0 eng d
082
_a
945.32 CPR
100
_a
陈培仁
245
_a
平和美丽
_c
250
_a
初版
260
_a
马来西亚
_b
_c
2002
300
_b
平
650
_a
中国画册--题识
942
_c
BK
_o
945.32 CPR
999
_c
50162
_d
50152